1779 1047 1371 1544 1780 1748 1473 1769 1830 1869 1372 1496 1359 1697 1588 1672 1891 1984 1097 1736 1823 1644 1991 1765 1173 1996 1664 1773 1714 1344 1251 1667 1736 1402 1177 1710 1621 1295 1767 1432 1693 1485 1921 1380 1727 1936 1741 1120 1253 1309 1661 1430 1373 1894 1784 1079 1755 1834 1823 1308 1939 1527 1847 1155 1170 1529 1484 1112 1683 1997 1333 1944 1640 1762 1992 1011 1314 1609 1186 1259 1229 1187 1748 1570 1306 1898 1642 1727 1620 1745 1559 1541 1294 1033 1914 1837 1082 1856 1324 BCNSPRNW ULIB Ver.6.0+V

เปลี่ยนเป็นภาษาไทย

Change to English
 แสดงรายละเอียดบรรณานุกรม
  กลับหน้าหลัก

Brief Record : Get Marc (ISO 2709) : E-mail record : QR code < ปิดหน้าต่าง
LEADER : 00000nam 2200000uu 4500
001    13399128558
003     ULIB
008    230906s2565||||th 000 0 tha d
020    ^a9786168012307^c200
060    ^aWY152^bศ499ก
100    ^aศิริอร สินธุ,บรรณาธิการ
245    ^aการพยาบาลผู้ป่วยโรคเรื้อรัง : ความดันโลหิตสูง และหัวใจล้มเหลว = Nursing care for chronic disease : Hypertension & Heart failure
260    ^aนนทบุรี :^bสภาการพยาบาล,^c2565
300    ^a233 หน้า;^c30
650    ^aการพยาบาลผู้ป่วยโรคเรื้อรัง
650  0 ^aความดันโลหิตสูง
650  0 ^aหัวใจล้มเหลว
945    ^p0^l0^i29745
945    ^p0^l0^i29746
945    ^p0^l0^i29747
945    ^p0^l0^i29748
945    ^p0^l0^i29749
945    ^p0^l0^i29750
945    ^p0^l0^i29751
945    ^p0^l0^i29752
945    ^p0^l0^i29753
945    ^p0^l0^i29754
999    ^aกัณชพร จุลอักษร
รายการนี้ยังไม่มีแท็ก
คุณยังไม่ได้ล็อกอิน คุณสามารถมีกิจกรรมร่วมกับเว็บไซต์ได้ แต่ต้องล็อกอินก่อน ::
  ล็อกอิน

รายการสื่อสารสนเทศ

ลำดับที่ ประเภท เลขเรียก/บาร์โค้ด สถานที่ สถานะ
1. หนังสือสำรอง
หนังสือสำรอง
WY152 ศ499ก ฉ.1 
  Barcode: 29745
ห้องสมุดวิทยาเขตนครสวรรค์
►หนังสือทั่วไป:l:General Books
บนชั้น
2. วิทยาศาสตร์การแพทย์ และสุขภาพ
วิทยาศาสตร์การแพทย์ และสุขภาพ
WY152 ศ499ก ฉ.10 
  Barcode: 29754
ห้องสมุดวิทยาเขตนครสวรรค์
►หนังสือทั่วไป:l:General Books
บนชั้น
3. วิทยาศาสตร์การแพทย์ และสุขภาพ
วิทยาศาสตร์การแพทย์ และสุขภาพ
WY152 ศ499ก ฉ.2 
  Barcode: 29746
ห้องสมุดวิทยาเขตนครสวรรค์
►หนังสือทั่วไป:l:General Books
บนชั้น
4. วิทยาศาสตร์การแพทย์ และสุขภาพ
วิทยาศาสตร์การแพทย์ และสุขภาพ
WY152 ศ499ก ฉ.3 
  Barcode: 29747
ห้องสมุดวิทยาเขตนครสวรรค์
►หนังสือทั่วไป:l:General Books
บนชั้น
5. วิทยาศาสตร์การแพทย์ และสุขภาพ
วิทยาศาสตร์การแพทย์ และสุขภาพ
WY152 ศ499ก ฉ.4 
  Barcode: 29748
ห้องสมุดวิทยาเขตนครสวรรค์
►หนังสือทั่วไป:l:General Books
บนชั้น
6. วิทยาศาสตร์การแพทย์ และสุขภาพ
วิทยาศาสตร์การแพทย์ และสุขภาพ
WY152 ศ499ก ฉ.5 
  Barcode: 29749
ห้องสมุดวิทยาเขตนครสวรรค์
►หนังสือทั่วไป:l:General Books
บนชั้น
7. วิทยาศาสตร์การแพทย์ และสุขภาพ
วิทยาศาสตร์การแพทย์ และสุขภาพ
WY152 ศ499ก ฉ.6 
  Barcode: 29750
ห้องสมุดวิทยาเขตนครสวรรค์
►หนังสือทั่วไป:l:General Books
ถูกยืม กำหนดส่งวันที่ 9 ตุลาคม 2568
  จอง
8. วิทยาศาสตร์การแพทย์ และสุขภาพ
วิทยาศาสตร์การแพทย์ และสุขภาพ
WY152 ศ499ก ฉ.7 
  Barcode: 29751
ห้องสมุดวิทยาเขตนครสวรรค์
►หนังสือทั่วไป:l:General Books
บนชั้น
9. วิทยาศาสตร์การแพทย์ และสุขภาพ
วิทยาศาสตร์การแพทย์ และสุขภาพ
WY152 ศ499ก ฉ.8 
  Barcode: 29752
ห้องสมุดวิทยาเขตนครสวรรค์
►หนังสือทั่วไป:l:General Books
ถูกยืม กำหนดส่งวันที่ 2 มิถุนายน 2569
  จอง
10. วิทยาศาสตร์การแพทย์ และสุขภาพ
วิทยาศาสตร์การแพทย์ และสุขภาพ
WY152 ศ499ก ฉ.9 
  Barcode: 29753
ห้องสมุดวิทยาเขตนครสวรรค์
►หนังสือทั่วไป:l:General Books
บนชั้น

รายการใกล้เคียง
    ชื่อเรื่อง [การพยาบาลผู้ป่วยโรคเรื้อรัง : ความดันโลหิตสูง และหัวใจล้มเหลว = Nursing care for chronic disease : Hypertension & Heart failure]

    ผู้แต่ง [ศิริอร สินธุ,บรรณาธิการ]

    หัวเรื่อง [การพยาบาลผู้ป่วยโรคเรื้อรัง]
    หัวเรื่อง [ความดันโลหิตสูง]
    หัวเรื่อง [หัวใจล้มเหลว]

BibComment


ยังไม่เคยถูกคอมเมนท์

คอมเมนท์ทรัพยากรรายการนี้
  คอมเมนท์: การพยาบาลผู้ป่วย..


 Copyright 2026. Bcnsprnw @Library